|
|
|
|
| LEADER |
00000cam a2200000 7i4500 |
| 001 |
0000284150 |
| 005 |
20240403130436.0 |
| 006 |
ao ###j ### |
| 007 |
t |
| 008 |
210518t mnuo j eng # |
| 020 |
|
|
|a 9781640262102
|
| 090 |
0 |
0 |
|a 599.773
|b RIG
|
| 100 |
1 |
|
|a Riggs, Kate ,
|e author
|
| 245 |
1 |
0 |
|a WOLVES
|c KATE RIGGS
|
| 264 |
|
0 |
|a Minnesota :
|b Creative Education and Creative Paperbacks
|c 2020
|
| 300 |
|
|
|a 24 pages :
|b colour photographs ;
|c 29 cm.
|
| 336 |
|
|
|a still image
|2 rdacontent
|
| 336 |
|
|
|a text
|2 rdacontent
|
| 337 |
|
|
|a unmediated
|2 rdamedia
|
| 338 |
|
|
|a volume
|2 rdacarrier
|
| 490 |
0 |
|
|a AMAZING ANIMALS
|
| 504 |
|
|
|a Includes bibliographical references and index
|
| 650 |
|
0 |
|a Wolves
|v Juvenile literature
|
| 999 |
|
|
|a 00391173
|b BUKU
|c JUNIOR BOOKS
|e PERPUSTAKAAN KOMUNITI PETALING JAYA
|